Statistics for Frozen "Let it Go" Song Lyrics

Click here to take the quiz!

General Stats

  • This quiz has been taken 157 times
  • The average score is 225 of 276

Answer Stats

Answer% Correct
a
99%
A
99%
go
99%
go,
99%
I
99%
it
99%
let
99%
Let
99%
The
98%
the
98%
an
97%
no
97%
No
97%
and
96%
And
96%
do
96%
is
96%
to
95%
To
95%
on
94%
see
94%
Be
93%
be
93%
storm
92%
can
91%
me
91%
I'm
90%
in
90%
in,
90%
like
90%
never
90%
of
90%
snow
90%
When
90%
you
90%
Don't
89%
don't
89%
queen
89%
anyway
88%
back,
88%
back
88%
can't
88%
Can't
88%
cold
88%
girl
88%
kingdom
87%
know
87%
looks
87%
mountain
87%
Not
87%
seen
87%
them
87%
anymore
86%
bothered
86%
isolation
85%
tonigh
85%
wind
85%
footprint
84%
good
84%
hold
84%
how
84%
always
83%
rage
83%
they
83%
howling
82%
have
81%
inside
81%
what
81%
tried
80%
white
80%
now
79%
going
78%
glows
77%
feel,
76%
care
75%
keep
75%
door
74%
heaven
74%
Couldn't
73%
knows
73%
all
72%
say
72%
swirling
72%
It's
70%
slam
70%
away
68%
that
68%
That
68%
free
67%
here
67%
Here
67%
Well,
67%
at
66%
get
66%
they're
66%
through
66%
Conceal,
65%
Turn
65%
break
64%
small
64%
distance
63%
everything
63%
funny
63%
seem
63%
makes
62%
for
61%
I've
61%
time
61%
cry
60%
one
60%
limits
59%
controlled
58%
some
58%
stand
58%
am
57%
once
57%
rules
57%
test
57%
sky
56%
stay
56%
You'll
55%
right,
54%
wrong,
54%
fears
53%
this
52%
with
52%
past
49%
My
42%
around
41%
light
41%
gone
40%
perfect
39%
ground
38%
air
37%
day
37%
frozen
37%
icy
37%
power
37%
blast
32%
into
32%
dawn
31%
flurries
30%
I'll
29%
fractals
28%
crystallizes
23%
rise
23%
soul
23%
thought
22%
spiraling
20%

Score Distribution

Percentile by Number Answered

Percent of People with Each Score

Your Score History

You have not taken this quiz